Betrachtungen zum problem der entwicklungshilfe

Đã lưu trong:
Sonraí Bibleagrafaíochta
Príomhúdar: Reinhardt, Dr. E.
Formáid: Leabhar
Teanga:Undetermined
Ábhair:
Clibeanna: Cuir Clib Leis
Gan Chlibeanna, Bí ar an gcéad duine leis an taifead seo a chlibeáil!
Thư viện lưu trữ: Trung tâm Học liệu Trường Đại học Cần Thơ
LEADER 00421nam a2200145Ia 4500
001 CTU_105016
008 210402s9999 xx 000 0 und d
082 |a 338.91 
082 |b R371 
100 |a Reinhardt, Dr. E. 
245 0 |a Betrachtungen zum problem der entwicklungshilfe 
245 0 |c Dr. E. Reinhardt 
650 |a Economic assistance 
904 |i Hiếu 
980 |a Trung tâm Học liệu Trường Đại học Cần Thơ